MARC

Tag First Indicator Second Indicator Subfields
LEADER 00000cam a22000004a 4500
001 in00001571521
005 20151022081638.0
008 990928s2000 njua b 001 0 eng
010 |a  99049304  
020 |a 0805831134 (cl : alk. paper) 
035 |a (OCoLC)ocm42580174 
040 |a DLC  |c DLC  |d C#P  |d TXA  |d UtOrBLW 
042 |a pcc 
049 |a TXAM 
050 0 0 |a TL553.6  |b .H8624 2000 
082 0 0 |a 629.13  |2 21 
245 0 0 |a Human factors in certification /  |c edited by John A. Wise, V. David Hopkin. 
264 1 |a Mahwah, N.J. :  |b Lawrence Erlbaum Associates,  |c 2000. 
300 |a xvi, 440 pages :  |b illustrations ;  |c 24 cm. 
336 |a text  |b txt  |2 rdacontent 
337 |a unmediated  |b n  |2 rdamedia 
338 |a volume  |b nc  |2 rdacarrier 
490 1 |a Human factors in transportation 
504 |a Includes bibliographical references and index. 
650 0 |a Aeronautics  |x Human factors. 
650 0 |a Human engineering. 
650 0 |a Aircraft industry  |x Certification. 
650 0 |a Aeronautical engineers  |x Certification. 
650 0 |a Nuclear industry  |x Certification. 
700 1 |a Wise, John A.,  |d 1944- 
700 1 |a Hopkin, V. David. 
830 0 |a Human factors in transportation. 
948 |a cataloged  |b h  |c 2000/10/26  |d c  |e jgreene  |f 2:46:15 pm 
994 |a E0  |b TXA 
999 |a MARS 
999 f f |s 5f4acdf7-2afd-3027-be74-661aff899f9e  |i 7d4b6bb4-3d00-395a-b80c-2493e6eea395  |t 0 
952 f f |p ric  |a Texas A&M University  |b Rellis Campus  |c Joint Library Facility  |d Remote Storage  |t 0  |e TL553.6 .H8624 2000  |h Library of Congress classification  |i unmediated -- volume  |m A14826931789 
998 f f |a TL553.6 .H8624 2000  |t 0  |l Remote Storage